| 000 | 00000nam 2200000za 4500 |
| 001 | 9.674391 |
| 003 | CaOODSP |
| 005 | 20210624224729 |
| 007 | cr ||||||||||| |
| 008 | 150407s2001 xxc|||||o f|0| 0 eng d |
| 020 | |a0-662-66097-8 |
| 040 | |aCaOODSP|beng |
| 041 | |aeng |
| 041 | |afre |
| 043 | |an-cn--- |
| 086 | 1 |aS53-29/2001-IN-1 |
| 110 | 1 |aCanada. |bPublic Works and Government Services Canada. |bTranslation Bureau. |
| 245 | 10|aGovernment on-line (GOL) glossary |h[electronic resource] / |c[by] Janeen Johnston-Des Rochers and Michel Des Rochers. |
| 250 | |a2nd ed. |
| 260 | |aOttawa : |bPublic Works and Government Services Canada,|c2001. |
| 300 | |a500 p. |
| 500 | |a"...includes approximately 450 new entries, 350 of which were taken from an in-house glossary ..." -- Introd. |
| 504 | |aBibliography. |
| 546 | |aBilingual |
| 590 | |a06-10|b2006-03-10 |
| 690 | 07|aTerminology|2gcpds |
| 690 | 07|aElectronic information|2gcpds |
| 690 | 07|aGovernment information|2gcpds |
| 700 | 1 |aJohnston-Des Rochers, Janeen. |
| 700 | 1 |aDes Rochers, Michel. |
| 792 | |tLexique du Gouvernement en direct (GED) |efre|w(CaOODSP)9.674392 |
| 856 | 40|ahttp://publications.gc.ca|qPDF|s1.19 MB|uhttps://publications.gc.ca/collections/Collection/S53-29-2001-1.pdf |